000 00573nam a2200181Ia 4500
008 090123s9999 xx 000 0 und d
082 _b34480
100 _aकणेकर शिरिष मधुकर
245 _aलगावबत्ती
250 _a0
260 _bदिलिप प्रकाशन
_c2002
300 _a376
600 _aकणेकर शिरिष मधुकर
630 _aलगावबत्ती
700 _aकणेकर शिरिष मधुकर
730 _aलगावबत्ती
942 _cBOOK
999 _c72533
_d72533